An introduction to quantum field theory /

Guardado en:
Autor Principal: Peskin, Michael Edward, 1951-
Otros Autores: Schroeder, Daniel V.
Formato: Libro
Idioma:English
Publicado: Reading, Mass. : Perseus Books, c1995.
Materias:
Acceso en línea:Tabla de contenidos
Correcciones
Etiquetas: Agregar Etiqueta
Sin Etiquetas, Sea el primero en etiquetar este registro!
LEADER 01022cam a2200277 a 4500
001 MAT.inmabb003425
008 890831s1995####maua#####b####001#0#eng##
005 20130313114557.0
245 1 3 |a An introduction to quantum field theory /  |c Michael E. Peskin, Daniel V. Schroeder. 
260 |a Reading, Mass. :  |b Perseus Books,  |c c1995. 
300 |a xxii, 842 p. :  |b il. ;  |c 25 cm. 
504 |a Incluye referencias bibliográficas (p. 811-815) e índice. 
510 4 |a MR,  |c 97j:81001 
020 |a 0201503972 
100 1 |a Peskin, Michael Edward,  |d 1951- 
700 1 |a Schroeder, Daniel V. 
650 0 |a Quantum field theory. 
650 0 |a Feynman diagrams. 
650 0 |a Renormalization (Physics) 
650 0 |a Gauge fields (Physics) 
084 |a 81-01 (81Txx)  |2 msc2000 
010 |a  89027170  
040 |a DLC  |c DLC  |d DLC 
856 |u http://physics.weber.edu/schroeder/qftbook.html  |y Tabla de contenidos 
856 |u http://www.slac.stanford.edu/%7Empeskin/QFT.html  |y Correcciones 
859 |h 81  |i P474  |p A-7867  |b BIB. MATEMATICA